000
00265nam a2200109Ia 4500
005
20251222114408.0
008
251222s1900||||xx |||||||||||||| ||spa||
082
_a
DVD0120/L25/1995
245
0
_a
Pavarotti and levine in recital
264
_b
Rudas, Tibor
942
_c
DVD
999
_c
1909
_d
1909